| 000 | 00382nam a2200145 4500 | ||
|---|---|---|---|
| 001 | 127024 | ||
| 003 | ES-MaACL | ||
| 005 | 20230906192928.0 | ||
| 007 | t| | ||
| 008 | 070214s1905 sp r ||||1| gao d | ||
| 100 | 1 |
_aRey Soto, Antonio. _996541 |
|
| 245 | 1 | 0 |
_aFalenas / _cAntonio Rey Soto. |
| 260 |
_aOrense : _b[s.n.], _c1905 ( _fImp. de A. Otero) |
||
| 852 |
_aES-MaACL _jT-1318-F-3 |
||
| 999 |
_c127024 _d127024 |
||